000 00518nam a2200229Ia 4500
003 OSt
005 20220924145523.0
006 a|||||r|||| 00| 0
007 ta
008 TEL
024 _a329073
037 _cTextual
040 _aARTS
_cARTS
_bTEL
041 _2TEL
_aTEL
082 _aO111,3N05,1, 35J5
100 _aAnand
_9170627
245 0 _aKulee
260 _c1955
650 _aENGLISH LITERATURE
942 _hO111,3N05,1, 35J5
_cTEXL
_2CC
999 _c460336
_d460336